000 00614na a2200229 4500
001 21854
003 MIRAKIL
005 20181213154836.0
008 170209b tu 000 0
020 _a9753475012
040 _aMilas
_btur
_cTR-AnCHP
041 _atur
082 _a792.4
_bN52o 2002
090 _a792.4 N52o 2002
100 _aNeimetzade, Eflatun
245 _aOpera sanatı
_cEflatun Neimetzade
260 _aAnkara
_bSeçkin Yayınevi
_c2002
300 _a390 s.
_bres.
_c24 sm.
650 _aOpera
_xAraştırmalar
650 _aMüzik
_xOperalar
_yAraştırma ve inceleme
942 _2ddc
_cBKS
999 _c1823
_d1823